| 000 | 00392nam a2200133Ia 4500 | ||
|---|---|---|---|
| 008 | 220217s9999||||xx |||||||||||||| ||und|| | ||
| 020 | _a9788190675789 | ||
| 082 | _a658 NAI | ||
| 100 | _aNaidu, N.V.R and Rao, Krishna, T. | ||
| 245 | 0 | _aManagement and Entrepreneurship | |
| 260 |
_aIK International publishing house _bNew delhi _c2013 |
||
| 300 |
_axvi;276 _b175 |
||
| 650 | _aMANAGEMENT | ||
| 999 |
_c184887 _d184887 |
||